[Event "Deutsche Ländermeisterschaft 2022"]
[Site "Wiesbaden GER"]
[Date "2022.10.01"]
[Round "2"]
[White "Holinka, Henning"]
[Black "Post, Hugo"]
[Result "1-0"]
[Termination "normal"]
[Board "7.1"]
[WhiteElo "2245"]
[BlackElo "2176"]
[WhiteClock "00:39:35"]
[BlackClock "00:30:22"]
[WhiteTeam "Hamburg"]
[BlackTeam "Sachsen-Anhalt"]
[PlyCount "93"]
[WhiteFideId "12967084"]
[BlackFideId "12962490"]
[EventCountry "GER"]
[EventRounds "7"]
[EventType "team-swiss"]
[EventDate "2022.09.30"]

1. e4 {[%clk 01:30:57]} {[%emt 00:00:02]} c5 {[%clk 01:30:52]} {[%emt
00:00:09]} 2. Nf3 {[%clk 01:31:16]} {[%emt 00:00:11]} d6 {[%clk 01:31:17]}
{[%emt 00:00:05]} 3. d4 {[%clk 01:31:40]} {[%emt 00:00:06]} cxd4 {[%clk
01:31:42]} {[%emt 00:00:05]} 4. Nxd4 {[%clk 01:32:04]} {[%emt 00:00:06]} Nf6
{[%clk 01:32:07]} {[%emt 00:00:05]} 5. Nc3 {[%clk 01:32:28]} {[%emt 00:00:05]}
a6 {[%clk 01:32:31]} {[%emt 00:00:06]} 6. f3 {[%clk 01:32:18]} {[%emt
00:00:40]} e5 {[%clk 01:29:52]} {[%emt 00:03:09]} 7. Nb3 {[%clk 01:32:27]}
{[%emt 00:00:20]} Be7 {[%clk 01:30:11]} {[%emt 00:00:12]} 8. Be3 {[%clk
01:32:11]} {[%emt 00:00:46]} Be6 {[%clk 01:30:27]} {[%emt 00:00:14]} 9. Qd2
{[%clk 01:29:37]} {[%emt 00:03:03]} h5 {[%clk 01:30:52]} {[%emt 00:00:06]} 10.
Nd5 {[%clk 01:23:51]} {[%emt 00:06:16]} Bxd5 {[%clk 01:31:09]} {[%emt
00:00:13]} 11. exd5 {[%clk 01:24:13]} {[%emt 00:00:09]} Nbd7 {[%clk 01:31:04]}
{[%emt 00:00:34]} 12. Na5 {[%clk 01:13:48]} {[%emt 00:10:54]} Qc7 {[%clk
01:30:04]} {[%emt 00:01:29]} 13. c4 {[%clk 01:12:25]} {[%emt 00:01:54]} O-O
{[%clk 01:24:57]} {[%emt 00:05:38]} 14. Be2 {[%clk 01:09:15]} {[%emt 00:03:40]}
e4 {[%clk 01:12:18]} {[%emt 00:13:09]} 15. O-O {[%clk 00:53:40]} {[%emt
00:16:05]} exf3 {[%clk 01:08:26]} {[%emt 00:04:22]} 16. gxf3 {[%clk 00:52:10]}
{[%emt 00:01:59]} Rfe8 {[%clk 00:59:19]} {[%emt 00:09:37]} 17. b4 {[%clk
00:50:58]} {[%emt 00:01:42]} Ne5 {[%clk 00:53:44]} {[%emt 00:06:05]} 18. Rac1
{[%clk 00:44:49]} {[%emt 00:06:38]} Qd7 {[%clk 00:53:14]} {[%emt 00:01:00]} 19.
Bd4 {[%clk 00:41:32]} {[%emt 00:03:48]} Bd8 {[%clk 00:48:59]} {[%emt 00:04:45]}
20. Nb3 {[%clk 00:36:18]} {[%emt 00:05:43]} h4 {[%clk 00:47:43]} {[%emt
00:01:47]} 21. f4 {[%clk 00:22:54]} {[%emt 00:13:55]} Neg4 {[%clk 00:46:02]}
{[%emt 00:02:11]} 22. f5 {[%clk 00:17:48]} {[%emt 00:05:35]} Nh6 {[%clk
00:45:36]} {[%emt 00:00:56]} 23. Bd3 {[%clk 00:16:42]} {[%emt 00:01:37]} Nfg4
{[%clk 00:24:21]} {[%emt 00:21:45]} 24. f6 {[%clk 00:14:32]} {[%emt 00:02:39]}
Nxf6 {[%clk 00:17:19]} {[%emt 00:07:32]} 25. Bxf6 {[%clk 00:13:38]} {[%emt
00:01:24]} Qg4+ {[%clk 00:17:17]} {[%emt 00:00:32]} 26. Kh1 {[%clk 00:13:38]}
{[%emt 00:00:29]} Bxf6 {[%clk 00:17:38]} {[%emt 00:00:10]} 27. Rxf6 {[%clk
00:13:50]} {[%emt 00:00:18]} gxf6 {[%clk 00:10:31]} {[%emt 00:07:38]} 28. Rg1
{[%clk 00:14:10]} {[%emt 00:00:09]} Qxg1+ {[%clk 00:10:20]} {[%emt 00:00:41]}
29. Kxg1 {[%clk 00:14:39]} {[%emt 00:00:01]} Kg7 {[%clk 00:10:43]} {[%emt
00:00:07]} 30. Qg2+ {[%clk 00:12:33]} {[%emt 00:02:36]} Kh8 {[%clk 00:10:37]}
{[%emt 00:00:36]} 31. Qf2 {[%clk 00:12:50]} {[%emt 00:00:13]} Kg7 {[%clk
00:09:14]} {[%emt 00:01:54]} 32. Nd4 {[%clk 00:12:15]} {[%emt 00:01:04]} Re5
{[%clk 00:06:15]} {[%emt 00:03:29]} 33. Nf3 {[%clk 00:12:14]} {[%emt 00:00:31]}
Rh5 {[%clk 00:05:47]} {[%emt 00:00:58]} 34. Qd4 {[%clk 00:12:07]} {[%emt
00:00:37]} Rd8 {[%clk 00:04:34]} {[%emt 00:01:43]} 35. Nxh4 {[%clk 00:10:01]}
{[%emt 00:02:36]} Rg5+ {[%clk 00:04:32]} {[%emt 00:00:33]} 36. Kf1 {[%clk
00:10:21]} {[%emt 00:00:10]} Re8 {[%clk 00:04:14]} {[%emt 00:00:48]} 37. Nf3
{[%clk 00:09:40]} {[%emt 00:01:12]} Rg4 {[%clk 00:04:19]} {[%emt 00:00:25]} 38.
Qf2 {[%clk 00:09:52]} {[%emt 00:00:18]} Rf4 {[%clk 00:04:01]} {[%emt 00:00:49]}
39. h3 {[%clk 00:09:15]} {[%emt 00:01:07]} Nf5 {[%clk 00:03:53]} {[%emt
00:00:39]} 40. Bxf5 {[%clk 00:09:37]} {[%emt 00:00:08]} Rxf5 {[%clk 00:04:20]}
{[%emt 00:00:03]} 41. Qg3+ {[%clk 00:09:56]} {[%emt 00:00:11]} Kf8 {[%clk
00:29:47]} {[%emt 00:05:03]} 42. Qxd6+ {[%clk 00:40:12]} {[%emt 00:00:13]} Kg8
{[%clk 00:30:09]} {[%emt 00:00:07]} 43. Qg3+ {[%clk 00:40:21]} {[%emt
00:00:21]} Kf8 {[%clk 00:30:36]} {[%emt 00:00:05]} 44. Qg4 {[%clk 00:39:15]}
{[%emt 00:01:36]} Ree5 {[%clk 00:30:54]} {[%emt 00:00:11]} 45. Kf2 {[%clk
00:38:56]} {[%emt 00:00:49]} Ke7 {[%clk 00:30:17]} {[%emt 00:01:07]} 46. Kg3
{[%clk 00:39:12]} {[%emt 00:00:14]} Rg5 {[%clk 00:30:22]} {[%emt 00:00:25]} 47.
Nxe5 {[%clk 00:39:35]} {[%emt 00:00:07]} 1-0

[Event "Deutsche Ländermeisterschaft 2022"]
[Site "Wiesbaden GER"]
[Date "2022.10.01"]
[Round "2"]
[White "Pikalow, Michael"]
[Black "Hommer, Jeremy"]
[Result "0-1"]
[Termination "normal"]
[Board "7.2"]
[WhiteElo "2037"]
[BlackElo "2184"]
[WhiteClock "00:03:50"]
[BlackClock "00:53:53"]
[WhiteTeam "Sachsen-Anhalt"]
[BlackTeam "Hamburg"]
[PlyCount "54"]
[WhiteFideId "16227638"]
[BlackFideId "12992577"]
[EventCountry "GER"]
[EventRounds "7"]
[EventType "team-swiss"]
[EventDate "2022.09.30"]

1. e4 {[%clk 01:30:45]} {[%emt 00:00:14]} c6 {[%clk 01:30:53]} {[%emt
00:00:08]} 2. d4 {[%clk 01:30:38]} {[%emt 00:00:37]} d5 {[%clk 01:31:13]}
{[%emt 00:00:10]} 3. e5 {[%clk 01:30:33]} {[%emt 00:00:35]} Bf5 {[%clk
01:31:36]} {[%emt 00:00:07]} 4. Nf3 {[%clk 01:30:59]} {[%emt 00:00:04]} e6
{[%clk 01:31:59]} {[%emt 00:00:07]} 5. Be2 {[%clk 01:31:27]} {[%emt 00:00:02]}
Nd7 {[%clk 01:32:20]} {[%emt 00:00:09]} 6. O-O {[%clk 01:31:46]} {[%emt
00:00:10]} c5 {[%clk 01:32:35]} {[%emt 00:00:16]} 7. Be3 {[%clk 01:32:06]}
{[%emt 00:00:10]} Ne7 {[%clk 01:32:53]} {[%emt 00:00:12]} 8. c4 {[%clk
01:32:32]} {[%emt 00:00:04]} dxc4 {[%clk 01:33:16]} {[%emt 00:00:07]} 9. Na3
{[%clk 01:33:00]} {[%emt 00:00:02]} c3 {[%clk 01:33:40]} {[%emt 00:00:06]} 10.
Nb5 {[%clk 01:33:27]} {[%emt 00:00:03]} Nd5 {[%clk 01:33:54]} {[%emt 00:00:15]}
11. Bg5 {[%clk 01:18:41]} {[%emt 00:15:16]} c2 {[%clk 01:33:33]} {[%emt
00:00:51]} 12. Qd2 {[%clk 01:08:59]} {[%emt 00:10:12]} Qb6 {[%clk 01:29:46]}
{[%emt 00:04:17]} 13. a4 {[%clk 01:01:14]} {[%emt 00:08:16]} a6 {[%clk
01:25:31]} {[%emt 00:04:45]} 14. dxc5 {[%clk 00:52:21]} {[%emt 00:09:23]} Qxc5
{[%clk 01:21:29]} {[%emt 00:04:32]} 15. Nbd4 {[%clk 00:47:44]} {[%emt
00:05:07]} h6 {[%clk 01:16:01]} {[%emt 00:05:59]} 16. Be3 {[%clk 00:42:43]}
{[%emt 00:05:31]} Nxe3 {[%clk 01:15:02]} {[%emt 00:01:29]} 17. Qxe3 {[%clk
00:43:11]} {[%emt 00:00:02]} Bh7 {[%clk 01:13:16]} {[%emt 00:02:15]} 18. Rfc1
{[%clk 00:40:20]} {[%emt 00:03:21]} Rc8 {[%clk 01:13:25]} {[%emt 00:00:22]} 19.
Qb3 {[%clk 00:26:03]} {[%emt 00:14:47]} Qb4 {[%clk 01:07:30]} {[%emt 00:06:24]}
20. Ra3 {[%clk 00:23:53]} {[%emt 00:02:40]} Be7 {[%clk 01:03:28]} {[%emt
00:04:33]} 21. Qxb4 Bxb4 {[%clk 01:03:49]} 22. Rb3 {[%clk 00:20:14]} a5 {[%clk
01:04:11]} 23. Bd3 {[%clk 00:17:24]} {[%emt 00:03:07]} Nc5 {[%clk 01:01:47]}
{[%emt 00:02:54]} 24. Bb5+ {[%clk 00:17:52]} {[%emt 00:00:02]} Ke7 {[%clk
00:59:54]} {[%emt 00:02:23]} 25. Re3 {[%clk 00:17:49]} {[%emt 00:00:32]} Rhd8
{[%clk 00:59:18]} {[%emt 00:01:07]} 26. Re2 {[%clk 00:10:17]} {[%emt 00:08:03]}
Be4 {[%clk 00:54:09]} {[%emt 00:05:39]} 27. h4 {[%clk 00:03:50]} {[%emt
00:06:57]} Bxf3 {[%clk 00:53:53]} {[%emt 00:00:47]} 0-1

[Event "Deutsche Ländermeisterschaft 2022"]
[Site "Wiesbaden GER"]
[Date "2022.10.01"]
[Round "2"]
[White "Popist, Florian"]
[Black "Haubold, Sebastian"]
[Result "1-0"]
[Termination "normal"]
[Board "7.3"]
[WhiteElo "2187"]
[BlackElo "2039"]
[WhiteClock "00:03:12"]
[BlackClock "00:06:03"]
[WhiteTeam "Hamburg"]
[BlackTeam "Sachsen-Anhalt"]
[PlyCount "133"]
[WhiteFideId "16203518"]
[BlackFideId "16259637"]
[EventCountry "GER"]
[EventRounds "7"]
[EventType "team-swiss"]
[EventDate "2022.09.30"]

1. e4 {[%clk 01:30:58]} {[%emt 00:00:01]} e5 {[%clk 01:30:49]} {[%emt
00:00:11]} 2. Nf3 {[%clk 01:31:22]} {[%emt 00:00:06]} Nc6 {[%clk 01:31:12]}
{[%emt 00:00:06]} 3. d4 {[%clk 01:31:49]} {[%emt 00:00:04]} exd4 {[%clk
01:31:35]} {[%emt 00:00:07]} 4. Nxd4 {[%clk 01:32:15]} {[%emt 00:00:03]} Qf6
{[%clk 01:31:57]} {[%emt 00:00:08]} 5. Nf3 {[%clk 01:31:53]} {[%emt 00:00:53]}
Bb4+ {[%clk 01:23:31]} {[%emt 00:08:56]} 6. Nbd2 {[%clk 01:32:14]} {[%emt
00:00:09]} Nge7 {[%clk 01:19:15]} {[%emt 00:04:50]} 7. Be2 {[%clk 01:32:07]}
{[%emt 00:00:36]} d6 {[%clk 01:17:46]} {[%emt 00:01:57]} 8. O-O {[%clk
01:32:27]} {[%emt 00:00:10]} O-O {[%clk 01:17:03]} {[%emt 00:01:13]} 9. Nb3
{[%clk 01:32:03]} {[%emt 00:00:53]} Ng6 {[%clk 01:05:32]} {[%emt 00:12:02]} 10.
c3 {[%clk 01:31:50]} {[%emt 00:00:43]} Ba5 {[%clk 01:05:27]} {[%emt 00:00:35]}
11. Nxa5 {[%clk 01:32:10]} {[%emt 00:00:10]} Nxa5 {[%clk 01:05:54]} {[%emt
00:00:03]} 12. Bg5 {[%clk 01:28:01]} {[%emt 00:04:39]} Qe6 {[%clk 01:06:13]}
{[%emt 00:00:11]} 13. Bd3 {[%clk 01:26:54]} {[%emt 00:01:38]} Nc6 {[%clk
00:59:37]} {[%emt 00:07:05]} 14. Bc2 {[%clk 01:16:36]} {[%emt 00:10:48]} Qg4
{[%clk 00:53:36]} {[%emt 00:06:29]} 15. h3 {[%clk 01:10:33]} {[%emt 00:06:35]}
Qh5 {[%clk 00:53:09]} {[%emt 00:00:56]} 16. Be3 {[%clk 01:08:42]} {[%emt
00:02:22]} h6 {[%clk 00:43:03]} {[%emt 00:10:36]} 17. Nd4 {[%clk 01:06:08]}
{[%emt 00:03:04]} Qh4 {[%clk 00:38:15]} {[%emt 00:05:18]} 18. Nf5 {[%clk
00:45:35]} {[%emt 00:21:03]} Bxf5 {[%clk 00:33:19]} {[%emt 00:05:26]} 19. exf5
{[%clk 00:46:02]} {[%emt 00:00:02]} Nge5 {[%clk 00:33:35]} {[%emt 00:00:14]}
20. b3 {[%clk 00:43:55]} {[%emt 00:02:38]} Rae8 {[%clk 00:32:22]} {[%emt
00:01:43]} 21. Bd2 {[%clk 00:37:21]} {[%emt 00:07:03]} Qf6 {[%clk 00:27:18]}
{[%emt 00:05:34]} 22. f4 {[%clk 00:36:24]} {[%emt 00:01:27]} Nd7 {[%clk
00:27:42]} {[%emt 00:00:06]} 23. Qf3 {[%clk 00:29:21]} {[%emt 00:07:34]} Nc5
{[%clk 00:23:32]} {[%emt 00:04:40]} 24. Rae1 {[%clk 00:27:04]} {[%emt
00:02:47]} Qd8 {[%clk 00:17:36]} {[%emt 00:06:27]} 25. g4 {[%clk 00:24:00]}
{[%emt 00:03:33]} d5 {[%clk 00:14:06]} {[%emt 00:04:00]} 26. Bc1 {[%clk
00:13:00]} {[%emt 00:11:31]} Rxe1 {[%clk 00:12:07]} {[%emt 00:02:29]} 27. Rxe1
{[%clk 00:13:28]} {[%emt 00:00:01]} Re8 {[%clk 00:12:08]} {[%emt 00:00:29]} 28.
Rd1 {[%clk 00:11:40]} {[%emt 00:02:18]} Qh4 {[%clk 00:10:49]} {[%emt 00:01:49]}
29. Kg2 {[%clk 00:10:31]} {[%emt 00:01:39]} Ne4 {[%clk 00:08:09]} {[%emt
00:03:10]} 30. Bxe4 {[%clk 00:06:45]} {[%emt 00:04:16]} Rxe4 {[%clk 00:06:45]}
{[%emt 00:01:53]} 31. Be3 {[%clk 00:07:07]} {[%emt 00:00:07]} Qe7 {[%clk
00:05:46]} {[%emt 00:01:29]} 32. Bf2 {[%clk 00:07:08]} {[%emt 00:00:30]} Re2
{[%clk 00:05:31]} {[%emt 00:00:44]} 33. Rxd5 {[%clk 00:06:52]} {[%emt
00:00:46]} Rxa2 {[%clk 00:05:54]} {[%emt 00:00:08]} 34. Rd3 {[%clk 00:05:31]}
{[%emt 00:01:51]} a5 {[%clk 00:04:38]} {[%emt 00:01:47]} 35. Re3 {[%clk
00:05:18]} {[%emt 00:00:42]} Qd7 {[%clk 00:04:29]} {[%emt 00:00:38]} 36. Rd3
{[%clk 00:03:35]} {[%emt 00:02:14]} Qe7 {[%clk 00:04:49]} {[%emt 00:00:09]} 37.
Re3 {[%clk 00:03:49]} {[%emt 00:00:16]} Qd8 {[%clk 00:03:55]} {[%emt 00:01:24]}
38. Kg3 {[%clk 00:02:52]} {[%emt 00:01:29]} Ra3 {[%clk 00:03:33]} {[%emt
00:00:51]} 39. Rd3 {[%clk 00:03:02]} {[%emt 00:00:20]} Qe7 {[%clk 00:03:16]}
{[%emt 00:00:47]} 40. Re3 {[%clk 00:03:28]} {[%emt 00:00:03]} Qd7 {[%clk
00:02:43]} {[%emt 00:01:02]} 41. Rd3 {[%clk 00:02:00]} {[%emt 00:01:58]} Qe7
{[%clk 00:28:08]} {[%emt 00:05:05]} 42. Qd5 {[%clk 00:31:53]} {[%emt 00:00:38]}
Qf6 {[%clk 00:23:58]} {[%emt 00:04:41]} 43. h4 {[%clk 00:30:29]} {[%emt
00:01:54]} Ra2 {[%clk 00:16:59]} {[%emt 00:07:24]} 44. Re3 {[%clk 00:24:11]}
{[%emt 00:06:52]} Kf8 {[%clk 00:12:44]} {[%emt 00:04:45]} 45. b4 {[%clk
00:09:26]} {[%emt 00:15:15]} Rb2 {[%clk 00:08:08]} {[%emt 00:05:05]} 46. b5
{[%clk 00:08:30]} {[%emt 00:01:27]} Qd8 {[%clk 00:07:56]} {[%emt 00:00:41]} 47.
Rd3 {[%clk 00:06:26]} {[%emt 00:02:34]} Qxd5 {[%clk 00:04:27]} {[%emt
00:03:59]} 48. Rxd5 {[%clk 00:06:56]} {[%emt 00:00:01]} Na7 {[%clk 00:04:42]}
{[%emt 00:00:15]} 49. Bxa7 {[%clk 00:06:50]} {[%emt 00:00:36]} b6 {[%clk
00:05:11]} {[%emt 00:00:01]} 50. Bb8 {[%clk 00:03:36]} {[%emt 00:03:43]} Rb3
{[%clk 00:05:21]} {[%emt 00:00:20]} 51. Rd3 {[%clk 00:03:51]} {[%emt 00:00:16]}
a4 {[%clk 00:05:01]} {[%emt 00:00:49]} 52. Bxc7 {[%clk 00:04:05]} {[%emt
00:00:16]} a3 {[%clk 00:05:14]} {[%emt 00:00:17]} 53. Bxb6 {[%clk 00:01:53]}
{[%emt 00:02:43]} Ke7 {[%clk 00:04:05]} {[%emt 00:01:38]} 54. Bc5+ {[%clk
00:02:05]} {[%emt 00:00:18]} Ke8 {[%clk 00:04:30]} {[%emt 00:00:05]} 55. Bxa3
{[%clk 00:01:49]} {[%emt 00:00:47]} Rxa3 {[%clk 00:04:56]} {[%emt 00:00:04]}
56. Kf3 {[%clk 00:02:06]} {[%emt 00:00:13]} Rb3 {[%clk 00:05:17]} {[%emt
00:00:09]} 57. Re3+ {[%clk 00:02:10]} {[%emt 00:00:26]} Kd7 {[%clk 00:05:29]}
{[%emt 00:00:17]} 58. c4 {[%clk 00:02:36]} {[%emt 00:00:04]} Rb4 {[%clk
00:05:25]} {[%emt 00:00:33]} 59. Rc3 {[%clk 00:03:03]} {[%emt 00:00:04]} Rb1
{[%clk 00:04:50]} {[%emt 00:01:05]} 60. Ke4 {[%clk 00:03:11]} {[%emt 00:00:22]}
Rg1 {[%clk 00:04:54]} {[%emt 00:00:26]} 61. g5 {[%clk 00:03:15]} {[%emt
00:00:26]} Rh1 {[%clk 00:05:15]} {[%emt 00:00:09]} 62. gxh6 {[%clk 00:02:52]}
{[%emt 00:00:54]} gxh6 {[%clk 00:05:37]} {[%emt 00:00:08]} 63. c5 {[%clk
00:03:17]} {[%emt 00:00:05]} Rb1 {[%clk 00:05:34]} {[%emt 00:00:32]} 64. c6+
{[%clk 00:03:06]} {[%emt 00:00:41]} Kc7 {[%clk 00:05:54]} {[%emt 00:00:10]} 65.
Rc5 {[%clk 00:03:13]} {[%emt 00:00:23]} f6 {[%clk 00:06:11]} {[%emt 00:00:12]}
66. Kd5 {[%clk 00:03:30]} {[%emt 00:00:13]} Re1 {[%clk 00:06:03]} {[%emt
00:00:38]} 67. b6+ {[%clk 00:03:12]} {[%emt 00:00:48]} 1-0

[Event "Deutsche Ländermeisterschaft 2022"]
[Site "Wiesbaden GER"]
[Date "2022.10.01"]
[Round "2"]
[White "Haubold, Christian"]
[Black "Hubert, Charlotte"]
[Result "1/2-1/2"]
[Termination "normal"]
[Board "7.4"]
[WhiteElo "1888"]
[BlackElo "1671"]
[WhiteClock "00:04:09"]
[BlackClock "00:04:09"]
[WhiteTeam "Sachsen-Anhalt"]
[BlackTeam "Hamburg"]
[PlyCount "105"]
[WhiteFideId "16259629"]
[BlackFideId "16265920"]
[EventCountry "GER"]
[EventRounds "7"]
[EventType "team-swiss"]
[EventDate "2022.09.30"]

1. e4 {[%clk 01:30:57]} {[%emt 00:00:02]} c5 {[%clk 01:30:50]} {[%emt
00:00:10]} 2. Nf3 {[%clk 01:31:17]} {[%emt 00:00:09]} d6 {[%clk 01:31:11]}
{[%emt 00:00:09]} 3. d4 {[%clk 01:31:37]} {[%emt 00:00:10]} cxd4 {[%clk
01:31:35]} {[%emt 00:00:07]} 4. Nxd4 {[%clk 01:31:56]} {[%emt 00:00:11]} Nf6
{[%clk 01:31:55]} {[%emt 00:00:10]} 5. Nc3 {[%clk 01:31:58]} {[%emt 00:00:28]}
a6 {[%clk 01:32:18]} {[%emt 00:00:07]} 6. Be3 {[%clk 01:31:53]} {[%emt
00:00:35]} e5 {[%clk 01:32:38]} {[%emt 00:00:10]} 7. Nb3 {[%clk 01:32:01]}
{[%emt 00:00:22]} Be7 {[%clk 01:32:56]} {[%emt 00:00:11]} 8. h3 {[%clk
01:31:50]} {[%emt 00:00:40]} h6 {[%clk 01:30:54]} {[%emt 00:02:32]} 9. f4
{[%clk 01:30:40]} {[%emt 00:01:40]} Nbd7 {[%clk 01:30:13]} {[%emt 00:01:11]}
10. f5 {[%clk 01:26:15]} {[%emt 00:04:56]} b5 {[%clk 01:28:01]} {[%emt
00:02:41]} 11. Qf3 {[%clk 01:21:15]} {[%emt 00:05:30]} Bb7 {[%clk 01:23:44]}
{[%emt 00:04:48]} 12. a3 {[%clk 01:16:26]} {[%emt 00:05:19]} Rc8 {[%clk
01:20:38]} {[%emt 00:03:36]} 13. Bd3 {[%clk 01:14:45]} {[%emt 00:02:11]} Nb6
{[%clk 01:09:00]} {[%emt 00:12:08]} 14. Bxb6 {[%clk 01:04:35]} {[%emt
00:10:41]} Qxb6 {[%clk 01:09:19]} {[%emt 00:00:10]} 15. a4 {[%clk 00:50:23]}
{[%emt 00:14:43]} b4 {[%clk 01:00:34]} {[%emt 00:09:15]} 16. Nd5 {[%clk
00:43:40]} {[%emt 00:07:13]} Bxd5 {[%clk 00:56:08]} {[%emt 00:04:55]} 17. exd5
{[%clk 00:43:58]} O-O {[%clk 00:48:28]} {[%emt 00:08:22]} 18. O-O-O {[%clk
00:41:02]} Rc7 {[%clk 00:23:09]} {[%emt 00:29:16]} 19. g4 {[%clk 00:39:24]}
Rfc8 {[%clk 00:23:09]} 20. Rh2 {[%clk 00:39:24]} Qb7 {[%clk 00:23:09]} 21. Kb1
{[%emt 00:32:23]} Qxd5 {[%clk 00:11:48]} 22. Qf1 {[%clk 00:18:43]} {[%emt
00:04:46]} Qc6 {[%clk 00:07:09]} {[%emt 00:05:09]} 23. Bxa6 {[%clk 00:18:44]}
{[%emt 00:00:29]} Qxa4 {[%clk 00:07:23]} {[%emt 00:00:16]} 24. Bxc8 {[%clk
00:16:31]} {[%emt 00:02:43]} Rxc8 {[%clk 00:07:51]} {[%emt 00:00:02]} 25. Qg2
{[%clk 00:14:08]} {[%emt 00:02:52]} Ra8 {[%clk 00:07:09]} {[%emt 00:01:13]} 26.
h4 {[%clk 00:14:19]} {[%emt 00:00:19]} d5 {[%clk 00:06:31]} {[%emt 00:01:09]}
27. Rxd5 {[%clk 00:12:15]} {[%emt 00:02:34]} Nxd5 {[%clk 00:06:53]} {[%emt
00:00:07]} 28. Qxd5 {[%clk 00:12:35]} {[%emt 00:00:10]} e4 {[%clk 00:06:02]}
{[%emt 00:01:22]} 29. Qxe4 {[%clk 00:06:35]} {[%emt 00:06:30]} Bf6 {[%clk
00:06:06]} {[%emt 00:00:25]} 30. Kc1 {[%clk 00:05:46]} {[%emt 00:01:20]} Qa2
{[%clk 00:04:58]} {[%emt 00:01:38]} 31. Kd1 {[%clk 00:04:28]} {[%emt 00:01:47]}
Rd8+ {[%clk 00:04:36]} {[%emt 00:00:52]} 32. Rd2 {[%clk 00:04:23]} {[%emt
00:00:36]} Rxd2+ {[%clk 00:04:00]} {[%emt 00:01:06]} 33. Kxd2 {[%clk 00:04:44]}
{[%emt 00:00:09]} Qxb2 {[%clk 00:03:11]} {[%emt 00:01:19]} 34. Qxb4 {[%clk
00:04:34]} {[%emt 00:00:40]} Bxh4 {[%clk 00:03:33]} {[%emt 00:00:08]} 35. Qd4
{[%clk 00:03:57]} {[%emt 00:01:00]} Qb1 {[%clk 00:03:21]} {[%emt 00:00:49]} 36.
Qa1 {[%clk 00:04:14]} {[%emt 00:00:13]} Qxa1 {[%clk 00:02:49]} {[%emt
00:01:02]} 37. Nxa1 {[%clk 00:04:38]} {[%emt 00:00:06]} Kf8 {[%clk 00:02:52]}
{[%emt 00:00:27]} 38. Kd3 {[%clk 00:03:46]} {[%emt 00:01:23]} g6 {[%clk
00:02:08]} {[%emt 00:01:14]} 39. Ke4 {[%clk 00:03:20]} {[%emt 00:00:56]} Ke7
{[%clk 00:02:08]} {[%emt 00:00:29]} 40. c4 {[%clk 00:02:12]} {[%emt 00:01:39]}
h5 {[%clk 00:01:01]} {[%emt 00:01:37]} 41. gxh5 {[%clk 00:27:31]} {[%emt
00:05:10]} gxh5 {[%clk 00:31:12]} {[%emt 00:00:19]} 42. Nc2 {[%clk 00:26:42]}
{[%emt 00:01:19]} Bg3 {[%clk 00:28:11]} {[%emt 00:03:31]} 43. Kf3 {[%clk
00:23:18]} {[%emt 00:03:55]} Bd6 {[%clk 00:24:59]} {[%emt 00:03:41]} 44. Ne3
{[%clk 00:10:36]} {[%emt 00:13:12]} Kf6 {[%clk 00:21:43]} {[%emt 00:03:45]} 45.
Nf1 {[%clk 00:04:22]} {[%emt 00:06:45]} Kxf5 {[%clk 00:21:16]} {[%emt
00:00:57]} 46. Ng3+ {[%clk 00:04:36]} {[%emt 00:00:16]} Kg6 {[%clk 00:06:27]}
{[%emt 00:15:19]} 47. Ne4 {[%clk 00:04:33]} {[%emt 00:00:33]} Be5 {[%clk
00:06:02]} {[%emt 00:00:55]} 48. c5 {[%clk 00:03:39]} {[%emt 00:01:24]} f5
{[%clk 00:05:30]} {[%emt 00:01:02]} 49. Nd2 {[%clk 00:03:03]} {[%emt 00:01:06]}
Kf6 {[%clk 00:04:25]} {[%emt 00:01:36]} 50. Nc4 {[%clk 00:03:10]} {[%emt
00:00:24]} Ke6 {[%clk 00:04:17]} {[%emt 00:00:37]} 51. Ne3 {[%clk 00:03:23]}
{[%emt 00:00:18]} f4 {[%clk 00:04:04]} {[%emt 00:00:43]} 52. Ng2 {[%clk
00:03:45]} {[%emt 00:00:08]} Kf5 {[%clk 00:04:09]} {[%emt 00:00:26]} 53. Nxf4
{[%clk 00:04:09]} {[%emt 00:00:06]} 1/2-1/2